MARC

LEADER 00000nam0a2200000 4500
001 364276
005 20231102011655.0
035 |a (RuTPU)RU\TPU\retro\21634 
090 |a 364276 
100 |a 20211111d m y0rusy50 ca 
101 0 |a rus 
102 |a RU 
105 |a a z 001zy 
200 1 |a Исследование, расчет и испытание металлических конструкций  |e межвузовский сборник  |f Казанский химико-технологический институт им. С. М. Кирова ; отв. ред. Н. А. Пикулев 
210 |a Казань  |c Изд-во КХТИ  |d 1980 
215 |a 68 с.  |c ил. 
320 |a Библиогр. в конце ст. 
606 1 |a Металлические конструкции  |x Испытание  |2 stltpush  |3 (RuTPU)RU\TPU\subj\42318  |9 61997 
606 1 |a Строительные конструкции  |x Расчет  |2 stltpush  |3 (RuTPU)RU\TPU\subj\57386  |9 75248 
610 1 |a исследование 
610 1 |a оптимальное проектирование 
610 1 |a статистические испытания 
610 1 |a динамические испытания 
610 1 |a натурные условия 
610 1 |a вибрации 
610 1 |a воздушные шумы 
675 |a 691.7  |v 4 
675 |a 624.04  |v 4 
702 1 |a Пикулев  |b Н. А.  |4 340 
712 0 2 |a Казанский химико-технологический институт им. С. М. Кирова  |c (1935-1992)  |2 stltpush  |3 (RuTPU)RU\TPU\col\3704  |9 23873 
801 1 |a RU  |b 63413507  |c 20211111 
942 |c BK